| 000 | 00552nab a2200193 a 4500 | ||
|---|---|---|---|
| 005 | 20220923063921.0 | ||
| 008 | 991125s1985 mx 000 0 spa u | ||
| 035 | _aUPN01000193576 | ||
| 100 | _uroberto@servidor.unam.mx | ||
| 222 | _aRevista Mexicana de Investigación Educativa | ||
| 245 | _aLa educación superior en México | ||
| 260 | _aMéxico | ||
| 300 | _a11-16 | ||
| 362 | 0 | _a2002, Vol. 7, no. 14 (ene-abr.) | |
| 653 | 0 | _aEDUCACION SUPERIOR | |
| 653 | 0 | _aPOLITICA EDUCATIVA | |
| 653 | 0 | _aINSTITUCIONES EDUCATIVAS | |
| 905 | _aArticulo | ||
| 999 |
_c165677 _d165677 |
||